Music Quiz

Random Music or Billboard Quiz

Two-Word #1 Hits Quiz Stats

 Plays Quiz Updated Aug 29, 2016

Support Sporcle.
Go Orange.
Score 0/30 Timer 06:00
0 Plays Today
% Correct
Michael Jackson
95.7%
ABBA
93.7%
Eagles
92%
The Beatles
87.8%
The Beach Boys
87.4%
Don McLean
87.4%
Culture Club
86%
Simon & Garfunkel
84.3%
Elton John
83.7%
OutKast
83.4%
Men at Work
83.3%
Cyndi Lauper
81.7%
The Temptations
80.6%
Coolio
80.4%
Eminem
80.3%
% Correct
Rod Stewart
80%
Rick Springfield
79.9%
Kanye West
79.8%
Blondie
78.8%
TLC
75.5%
David Bowie
74.5%
The Supremes
74.5%
Chic
72.6%
The Knack
72.4%
Donna Summer
71.7%
Paula Abdul
70.4%
The Rolling Stones
70.3%
The Troggs
69.4%
The Bangles
67.7%
Bobby Brown
62.7%

You're not logged in!

Compare scores with friends on all Sporcle quizzes.
OR
Log In

From the Vault

Events of 1980

by Derek

If you were born in 1980, we are sorry we left you off this list...there was just so much going on.
Remove Ads.
Support Sporcle.
Get the best of Sporcle when you Go Orange. This ad-free experience offers more features, more stats, and more fun while also helping to support Sporcle. Thank you for becoming a member.

Show Comments

Extras

Top Quizzes Today


Score Distribution

Your Account Isn't Verified!

In order to create a playlist on Sporcle, you need to verify the email address you used during registration. Go to your Sporcle Settings to finish the process.

Report this User

Report this user for behavior that violates our Community Guidelines.

Details: